50 COMPANIES THAT CHANGED THE WORLD (Record no. 479240)

MARC details
000 -LEADER
fixed length control field 00750nam a2200253Ia 4500
008 - FIXED-LENGTH DATA ELEMENTS--GENERAL INFORMATION
fixed length control field 100315s9999 xx 000 0 und d
020 ## - INTERNATIONAL STANDARD BOOK NUMBER
International Standard Book Number 81-7992-123-9 
040 ## - CATALOGING SOURCE
Transcribing agency ENGLISH 
082 ## - DEWEY DECIMAL CLASSIFICATION NUMBER
Item number 4505 
Classification number 658 
100 ## - MAIN ENTRY--PERSONAL NAME
Personal name "ROTHMAN, HOWARD "
245 ## - TITLE STATEMENT
Title 50 COMPANIES THAT CHANGED THE WORLD
250 ## - EDITION STATEMENT
Edition statement 1st 
260 ## - PUBLICATION, DISTRIBUTION, ETC. (IMPRINT)
Place of publication, distribution, etc Mumbai 
Name of publisher, distributor, etc Jaico  
Date of publication, distribution, etc 2003 
300 ## - PHYSICAL DESCRIPTION
Extent 253 
365 ## - TRADE PRICE
Price note Rupees 
Unit of pricing
Price amount 636.00 
366 ## - TRADE AVAILABILITY INFORMATION
Publishers' discount category 20 
505 ## - FORMATTED CONTENTS NOTE
Miscellaneous information DYK 
530 ## - ADDITIONAL PHYSICAL FORM AVAILABLE NOTE
Availability source ROYAL BOOK DISTRIBUTORS 8345/07-10-2003 
Additional physical form available note 8345/07-10-2003 
536 ## - FUNDING INFORMATION NOTE
Text of note 01/04/2003-31/03/2004 
620 ## -
-- "THE DETAILS ABOUT 50 COMPANIES, "
630 ## - SUBJECT ADDED ENTRY--UNIFORM TITLE
Uniform title 50 COMPANIES THAT CHANGED THE WORLD
730 ## - ADDED ENTRY--UNIFORM TITLE
Uniform title 50 COMPANIES THAT CHANGED THE WORLD
942 ## - ADDED ENTRY ELEMENTS (KOHA)
Koha item type Book
Holdings
Withdrawn status Lost status Damaged status Not for loan Home library Current library Date acquired Cost, normal purchase price Total Checkouts Full call number Barcode Date last seen Price effective from Koha item type
        Dr. V. N. Bedekar Institute of Management Studies Library Dr. V. N. Bedekar Institute of Management Studies Library 08/05/2004 795.00   658 /ROT  4505  VPMBRIMS-4505  03/19/2010 03/19/2010 Book